TH-SOF-1601-Clinical Detection and Stage Classification System for Diabetic Retinopathy using Pattern Recognition on Digital Fundus Images (Record no. 576858)
[ view plain ]
| 000 -LEADER | |
|---|---|
| fixed length control field | 00455nam a22001217a 4500 |
| 082 ## - DEWEY DECIMAL CLASSIFICATION NUMBER | |
| Classification number | 200 THE |
| 100 ## - MAIN ENTRY--PERSONAL NAME | |
| Personal name | MUHAMMAD ALTAF HUSSAIN |
| 9 (RLIN) | 69675 |
| 245 ## - TITLE STATEMENT | |
| Title | TH-SOF-1601-Clinical Detection and Stage Classification System for Diabetic Retinopathy using Pattern Recognition on Digital Fundus Images |
| 260 ## - PUBLICATION, DISTRIBUTION, ETC. | |
| Place of publication, distribution, etc. | ISLAMABAD |
| Name of publisher, distributor, etc. | NUST COLLEGE OF EME |
| Date of publication, distribution, etc. | 2018 |
| 650 ## - SUBJECT ADDED ENTRY--TOPICAL TERM | |
| Topical term or geographic name entry element | MS-MTS-86 MSTHESIS |
| 9 (RLIN) | 69676 |
| 700 ## - ADDED ENTRY--PERSONAL NAME | |
| Personal name | Supervisor Dr. Mohsin Islam Tiwana |
| 9 (RLIN) | 69677 |
| 942 ## - ADDED ENTRY ELEMENTS (KOHA) | |
| Koha item type | Computer Files |
| Withdrawn status | Lost status | Damaged status | Not for loan | Permanent Location | Current Location | Shelving location | Date acquired | Total Checkouts | Full call number | Barcode | Date last seen | Price effective from | Koha item type |
|---|---|---|---|---|---|---|---|---|---|---|---|---|---|
| College of Electrical & Mechanical Engineering (CEME) | College of Electrical & Mechanical Engineering (CEME) | Reference | 11/06/2019 | 200 THE | TH-SOF-1601 | 06/28/2021 | 06/28/2021 | Computer Files |
